NCAA Men's Basketball Tournament Bracket 2016 - Statistics

General Stats
  • This quiz has been taken 470 times
    437 since last reset
  • The average score is 32 of 67
Answer Stats
Seed Answer % Correct
4 Duke
89%
1 North Carolina
89%
1 Kansas
87%
11 Michigan
85%
4 Kentucky
82%
2 Michigan State
81%
6 Texas
80%
2 Villanova
79%
1 Oregon
75%
1 Virginia
75%
2 Oklahoma
73%
7 Wisconsin
72%
7 Iowa
67%
6 Arizona
66%
11 Gonzaga
66%
5 Indiana
64%
5 Baylor
63%
8 USC
62%
5 Purdue
61%
10 Syracuse
61%
8 Texas Tech
60%
3 Miami
58%
3 Texas A&M
58%
4 Iowa State
57%
2 Xavier
56%
9 Connecticut
55%
3 West Virginia
55%
5 Maryland
53%
6 Notre Dame
52%
3 Utah
52%
8 Colorado
50%
12 Yale
50%
9 Butler
49%
11 Wichita State
48%
7 Oregon State
46%
10 Pittsburgh
43%
10 VCU
43%
9 Providence
40%
4 California
39%
15 Middle Tennessee
37%
7 Dayton
36%
6 Seton Hall
36%
10 Temple
36%
11 Vanderbilt
36%
9 Cincinnati
35%
11 Northern Iowa
35%
14 Stephen F. Austin
35%
14 Buffalo
34%
13 Hawaii
34%
16 Florida Gulf Coast
33%
12 South Dakota State
32%
13 Iona
27%
11 Tulsa
27%
12 Arkansas-Little Rock
26%
13 UNC Wilmington
23%
14 Fresno State
22%
8 St. Joseph's
21%
14 Green Bay
20%
16 Holy Cross
20%
16 Austin Peay
19%
16 Southern
19%
15 UNC Asheville
19%
16 Hampton
18%
13 Stony Brook
18%
12 Chattanooga
16%
15 Weber State
16%
15 Cal State Bakersfield
13%
No matching quizzes found
Score Distribution
Percent of People with Each Score
Percentile by Number Answered
Your Score History
You have not taken this quiz since the last reset